Ligue 1 Uber Eats - Estadísticas

Estadísticas generales
  • Esta prueba ha sido intentada 84 veces
  • La puntuación promedio es 16 de 20
Estadísticas de respuestas
Imagen Respuesta % Correcto
Olympique de Marsella
99%
AS Monaco FC
97%
Olympique Lyonnais
96%
Paris Saint-Germain
96%
FC Nantes
92%
LOSC Lille
92%
Stade Rennais FC
88%
Racing Club de Lens
87%
OGC Nice
84%
Toulouse FC
84%
Montpellier HSC
82%
FC Lorient
79%
AC Ajaccio
78%
Stade Reims
78%
A.J Auxerre
74%
Racing Club de Strasbourg
73%
Angers SCO
71%
Stade Brestois 29
71%
ESTAC Troyes
61%
Clermont Foot 63
58%
No se encontraron pruebas coincidentes
Distribución de puntuación
Porcentaje de gente con cada puntuación
Porcentaje por número respondido
Historial de tus puntuaciones
No has intentado esta prueba.